000 00340nam a2200145Ia 4500
008 230711s9999||||xx |||||||||||||| ||und||
041 _aENG
082 _a621
_bSR-N
100 _aSrivastava,B.N
245 0 _aBasic nuclear Physics
250 _a1st
260 _c1987
_aNew Delhi
_bPragati Parkashan Meerut
650 _aPhysics
942 _cBK
999 _c908
_d908